Your classroom library : (Record no. 113077)
[ view plain ]
| 000 -LEADER | |
|---|---|
| fixed length control field | 00329nam a2200121 a 4500 |
| 001 - CONTROL NUMBER | |
| control field | 4144 |
| 005 - DATE AND TIME OF LATEST TRANSACTION | |
| control field | 20140414132001.0 |
| 008 - FIXED-LENGTH DATA ELEMENTS--GENERAL INFORMATION | |
| fixed length control field | 090317s19uu xx 00 eng d |
| 050 ## - LIBRARY OF CONGRESS CALL NUMBER | |
| Classification number | TR 372.44 |
| Item number | R31 2002 |
| 100 ## - MAIN ENTRY--PERSONAL NAME | |
| Personal name | Reutzel, D. Ray |
| 245 ## - TITLE STATEMENT | |
| Title | Your classroom library : |
| Remainder of title | new ways to give it more teaching power. |
| Withdrawn status | Lost status | Damaged status | Home library | Current library | Shelving location | Date acquired | Total Checkouts | Full call number | Barcode | Date last seen | Price effective from | Koha item type |
|---|---|---|---|---|---|---|---|---|---|---|---|---|
| Munich Library | Munich Library | Teachers Reference Section | 03/17/2009 | TR 372.44 R31 2002 | M4557 | 04/14/2014 | 04/14/2014 | Books |